UBT Library

The best dictionary for students. (Record no. 40583)

000 -LEADER
fixed length control field 00596cam a2200229 i 4500
001 - CONTROL NUMBER
control field 17852631
005 - DATE AND TIME OF LATEST TRANSACTION
control field 20180119072731.0
008 - FIXED-LENGTH DATA ELEMENTS--GENERAL INFORMATION
fixed length control field 130814s2008 scub d 000 0 eng
010 ## - LIBRARY OF CONGRESS CONTROL NUMBER
LC control number 2013431862
020 ## - INTERNATIONAL STANDARD BOOK NUMBER
International Standard Book Number 0977177734 (pbk.)
040 ## - CATALOGING SOURCE
Original cataloging agency DLC
Language of cataloging eng
Transcribing agency DLC
Description conventions rda
Modifying agency DLC
041 ## - LANGUAGE CODE
Language code of text/sound track or separate title eng
042 ## - AUTHENTICATION CODE
Authentication code pcc
080 ## - UNIVERSAL DECIMAL CLASSIFICATION NUMBER
Universal Decimal Classification number 038 BAC
082 ## - DEWEY DECIMAL CLASSIFICATION NUMBER
Classification number 038 BAC
100 ## - Rafti
Rafti 23
101 ## - Shkurtesa
Shkurtesa FJA
245 04 - TITLE STATEMENT
Title The best dictionary for students.
906 ## - LOCAL DATA ELEMENT F, LDF (RLIN)
a 7
b cbc
c orignew
d 2
e ncip
f 20
g y-gencatlg
942 ## - ADDED ENTRY ELEMENTS (KOHA)
Source of classification or shelving scheme
Item type Books
Holdings
Withdrawn status Lost status Source of classification or shelving scheme Damaged status Not for loan Collection code Permanent location Current location Shelving location Date acquired Total Checkouts Full call number Barcode Date last seen Price effective from Koha item type
          Koleksioni i përgjithshem UBT - Lipjan UBT - Lipjan Koleksioni i përgjithshem 01/19/2018   038 BAC 002-2995897 01/19/2018 01/19/2018 Books
UBT Library © 2015-2024. All rights reserved University Education for Business and Technology